Normal view
MARC view
Entry Topical Term
001 - CONTROL NUMBER
- control field: 13322
003 - CONTROL NUMBER IDENTIFIER
- control field: OSt
005 - DATE AND TIME OF LATEST TRANSACTION
- control field: 20191118112237.0
008 - FIXED-LENGTH DATA ELEMENTS
- fixed length control field: 191118|| aca||aabn | a|a d
040 ## - CATALOGING SOURCE
- Original cataloging agency: OSt
- Transcribing agency: OSt
150 ## - HEADING--TOPICAL TERM
- Topical term or geographic name entry element: Public sociology
670 ## - SOURCE DATA FOUND
- Source citation: Work cat.: (OSt): Hallett, TIm 13321, Public ideas: Their varieties and careers
